| 000 | 01286nam a22003617a 4500 | ||
|---|---|---|---|
| 003 | CHAP | ||
| 005 | 20220329143418.0 | ||
| 008 | 090521s2005 sp a r 00010 spa d | ||
| 010 | _a96215 | ||
| 011 | _a97187 | ||
| 020 | _a8480637722 | ||
| 035 | _a107850 | ||
| 040 | _cCHAP | ||
| 082 | 0 | 4 |
_a370.71 _bK46y |
| 100 | 1 |
_aKerry, Trevor _963096 |
|
| 245 | 1 | 0 |
_aObjetivos de aprendizaje, asignación de tareas y diversificación _c/por Trevor Kerry |
| 260 |
_aBarcelona : _bOctaedro, _c2005 |
||
| 300 |
_a201 p. : _bilus., tablas |
||
| 490 | 0 |
_aColección biblioteca latinoamericana de educación _v; 19 |
|
| 534 |
_aTít. original : _tLearning objectives, task setting and differentiation. _c2002, _b1 ed. |
||
| 590 |
_aBATCH-UPD _b10 _c20130110 _lUCH01 _h0747 |
||
| 590 |
_aBATCH-UPD _b10 _c20130410 _lUCH01 _h0428 |
||
| 590 |
_aBATCH-UPD _b10 _c20130914 _lUCH01 _h1033 |
||
| 590 |
_aCONVERSION _b10 _c20130109 _lUCH01 _h1353 |
||
| 650 | 1 | 4 |
_aAprendizaje. _96370 |
| 650 | 1 | 4 |
_aConocimiento, Teoría del. _927232 |
| 650 | 1 | 4 |
_aEducación. _935409 |
| 650 | 1 | 4 |
_aEnseñanza. _937085 |
| 830 | 0 |
_aColección biblioteca latinoamericana de educación _v; 19 _924722 |
|
| 901 | _aBK | ||
| 942 | _cLIBRO | ||
| 949 |
_a370.71 K46y _bBC _cLIBRO _d33724002093082 _eLIBRO _gI.c/e _h110546 _i107850 _sb _t$269.00 |
||
| 999 |
_c96215 _d96215 |
||